| 000 | 00422nam a2200181Ia 4500 | ||
|---|---|---|---|
| 001 | 1153 | ||
| 005 | 20260306140611.0 | ||
| 008 | 260306t2008||||xx |||||||||||||| ||spa|| | ||
| 041 | _aESP | ||
| 082 |
_a185 _bA72G |
||
| 100 |
_aAristóteles _eAUT |
||
| 245 | 0 | _aCategorías sobre la interpretación | |
| 260 | _c2008 | ||
| 300 |
_a212 páginas : _c21 cm. |
||
| 650 | _aGEN | ||
| 654 | _aCHU | ||
| 942 |
_cLIB _dJUS _fJUS _2ddc _n |
||
| 999 |
_c1153 _d1153 |
||